Некоторые проблемы математики и механики (Запись № 30438)
[ простой вид ]
| 000 -МАРКЕР | |
|---|---|
| контрольное поле | 01201nam a22002291i 4500 |
| 001 - КОНТРОЛЬНЫЙ НОМЕР ЗАПИСИ | |
| контрольное поле | 000030438 |
| 003 - ПРИНАДЛЕЖНОСТЬ КОНТРОЛЬНОГО НОМЕРА | |
| контрольное поле | RuMoIPM |
| 005 - ДАТА И ВРЕМЯ ПОСЛЕДНЕЙ ТРАНЗАКЦИИ | |
| контрольное поле | 20260429120710.0 |
| 008 - ЭЛЕМЕНТЫ ДАННЫХ ФИКСИРОВАННОЙ ДЛИНЫ | |
| контрольное поле | 130426s1961----ur e c rus |
| 040 ## - ОРГАНИЗАЦИЯ-СОЗДАТЕЛЬ ЗАПИСИ | |
| организация-создатель исходной библиографической записи | RuMoIPM |
| язык каталогизации | rus |
| правила каталогизации | rcr |
| 041 0# - КОД ЯЗЫКА | |
| код языка текста | Русский |
| 080 ## - ИНДЕКС УНИВЕРСАЛЬНОЙ ДЕСЯТИЧНОЙ КЛАССИФИКАЦИИ | |
| индекс Универсальной десятичной классификации | 517.54+517.944/.947 |
| 245 1# - ОБЛАСТЬ ЗАГЛАВИЯ И СВЕДЕНИЙ ОБ ОТВЕТСТВЕННОСТИ | |
| заглавие | Некоторые проблемы математики и механики |
| сведения, относящиеся к заглавию, и т. д | к 60-летию со дня рождения акад. М. А. Лаврентьева : [сборник статей] |
| сведения об ответственности и т. д | ред. коллегия: А. В. Бицадзе [и др]. ; вступ. ст. Г. С. Мигиренко |
| 260 ## - ОБЛАСТЬ ВЫХОДНЫХ ДАННЫХ | |
| место публикации, распространения, изготовления и т. д | Новосибирск |
| издательство, издатель, распространитель и т. д | Изд-во АН СССР |
| дата издания, распространения и т. д | 1961 |
| 300 ## - ОБЛАСТЬ КОЛИЧЕСТВЕННОЙ ХАРАКТЕРИСТИКИ | |
| объём | 268 с. |
| прочее | черт. |
| 500 ## - ПРИМЕЧАНИЕ ОБЩЕГО ХАРАКТЕРА | |
| текст примечания | В надзаг.: Академия наук СССР. Сибирское отделение |
| 504 ## - ПРИМЕЧАНИЕ О НАЛИЧИИ БИБЛИОГРАФИЧЕСКИХ ПЕРЕЧНЕЙ И ССЫЛОК | |
| текст примечания | Список трудов М.А. Лаврентьева. - С. 13-24 |
| -- | Библиогр. в конце ст. |
| 600 #1 - ИМЯ ЛИЦА КАК ДОБАВОЧНЫЙ ПРЕДМЕТНЫЙ ПОИСКОВЫЙ ПРИЗНАК (ПЕРСОНАЛИЯ) | |
| имя лица | Лаврентьев, Михаил Алексеевич |
| даты, относящиеся к имени | 1900-1980 |
| 700 1# - ИМЯ ЛИЦА КАК ДОБАВОЧНЫЙ ПОИСКОВЫЙ ПРИЗНАК | |
| имя лица | Мигиренко, Георгий Сергеевич |
| роль лица относительно произведения | авт. вступ. ст. |
| 700 1# - ИМЯ ЛИЦА КАК ДОБАВОЧНЫЙ ПОИСКОВЫЙ ПРИЗНАК | |
| имя лица | Бицадзе, Андрей Васильевич |
| роль лица относительно произведения | ред. |
| 942 ## - ДАННЫЕ О ЗАПИСИ (KOHA) | |
| Тип экземпляра (KOHA) | Книга |
| Статус выдачи | Библиотека держатель | Текущая библиотека | Местонахождение | Шифр хранения | Тип экземпляра |
|---|---|---|---|---|---|
| Институт прикладной математики им. М.В. Келдыша | Институт прикладной математики им. М.В. Келдыша | Миусская | 51 / Н 47 | Книга |